Центральная геофизическая экспедиция. Как геофизики становились сибиряками, а сибиряки - геофизиками

Bibliografiske detaljer
Institution som forfatter: Центральная геофизическая экспедиция (ЦГЭ)
Andre forfattere: Грошева Е. (редактор)
Summary:60 лет Центральной геофизической экспедиции.
Центральная геофизическая экспедиция. 60 лет. Как сибиряки становились геофизиками, а геофизики -сибиряками. В 1947 году в Новосибирске был образован Союзный сибирский геофизический трест, который объединил и возглавил все геофизические службы региона. Впоследствии одно из крупнейших геофизических предприятий страны не раз меняло своё название и подвергалось реорганизации. Сегодня правопреемником бывшего ССГТ является Открытое акционерное общество «Центральная геофизическая экспедиция», которое по-прежнему базируется в сибирской столице. О жизни и работе своего коллектива рассказывают в книге геофизики разных поколений — от послевоенного времени до наших дней.
Sprog:russisk
Udgivet: Новосибирск, Приобские ведомости, 2007
Fag:
Format: Bog
KOHA link:https://koha.lib.tpu.ru/cgi-bin/koha/opac-detail.pl?biblionumber=225563

MARC

LEADER 00000nam0a2200000 4500
001 225563
005 20231101230655.0
035 |a (RuTPU)RU\TPU\book\245914 
090 |a 225563 
100 |a 20121113d2007 m y0rusy50 ca 
101 0 |a rus 
102 |a RU 
105 |a a z 010zy 
200 1 |a Центральная геофизическая экспедиция. Как геофизики становились сибиряками, а сибиряки - геофизиками  |f Центральная геофизическая экспедиция (ЦГЭ) ; под ред. Е. Грошевой 
210 |a Новосибирск  |c Приобские ведомости  |d 2007 
215 |a 352 с.  |c ил. 
300 |a 60 лет Центральной геофизической экспедиции. 
330 |a Центральная геофизическая экспедиция. 60 лет. Как сибиряки становились геофизиками, а геофизики -сибиряками. В 1947 году в Новосибирске был образован Союзный сибирский геофизический трест, который объединил и возглавил все геофизические службы региона. Впоследствии одно из крупнейших геофизических предприятий страны не раз меняло своё название и подвергалось реорганизации. Сегодня правопреемником бывшего ССГТ является Открытое акционерное общество «Центральная геофизическая экспедиция», которое по-прежнему базируется в сибирской столице. О жизни и работе своего коллектива рассказывают в книге геофизики разных поколений — от послевоенного времени до наших дней. 
517 1 |a Открытое акционерное общество "Центральная геофизическая экспедиция" 
601 0 2 |a Центральная геофизическая экспедиция (ЦГЭ)  |c (Москва)  |2 stltpush  |3 (RuTPU)RU\TPU\col\17076 
606 1 |a Геофизика  |x История  |2 stltpush  |3 (RuTPU)RU\TPU\subj\71953  |9 85611 
610 1 |a Сибирь 
610 1 |a геофизики 
610 1 |a геофизические организации 
610 1 |a воспоминания 
675 |a 550.3(09)  |v 3 
702 1 |a Грошева  |b Е.  |4 340 
712 0 2 |a Центральная геофизическая экспедиция (ЦГЭ)  |c (Москва)  |2 stltpush  |3 (RuTPU)RU\TPU\col\17076 
801 1 |a RU  |b 63413507  |c 20121113 
801 2 |a RU  |b 63413507  |c 20220513  |g RCR 
942 |c BK